| 000 | 00458ntaaa2200181 4500 | ||
|---|---|---|---|
| 003 | 01 | ||
| 005 | 20251027201649.0 | ||
| 008 | 0714s1973 ag 01 | ||
| 040 |
_aAR-BaBN _bspa _cAR-BaBN _eaacr _dRIC |
||
| 082 | _a232.9000 D56 | ||
| 100 |
_aDidon, P _915329 |
||
| 245 | _aJesus Christus | ||
| 250 | _a1 ed. | ||
| 260 |
_aRegensburg : _bBerlags Anstalt vorm G.J. Manz, _c1892 |
||
| 300 | _a2 tomos | ||
| 500 | _aEstudio de la vida de Jesucristo | ||
| 942 | _cBK | ||
| 999 |
_c11353 _d11353 |
||